Dios en el pensamiento hispano del siglo XX / (Record no. 66450)

MARC details
000 -LEADER
campo de control de longitud fija 00794nam a2200241 i 4500
001 - NÚMERO DE CONTROL
campo de control 66450
003 - IDENTIFICADOR DE NÚMERO DE CONTROL
campo de control ES-MaACL
005 - FECHA Y HORA DE LA ÚLTIMA TRANSACCIÓN
campo de control 20231214204021.0
007 - CAMPO FIJO DE DESCRIPCIÓN FÍSICA--INFORMACIÓN GENERAL
campo de control de longitud fija t|
008 - DATOS DE LONGITUD FIJA--INFORMACIÓN GENERAL
campo de control de longitud fija 021011s2002 sp ||||0| spa d
020 ## - NÚMERO INTERNACIONAL ESTÁNDAR DEL LIBRO
Número Internacional Estándar del Libro 84-301-1466-1
080 ## - NÚMERO DE LA CLASIFICACIÓN DECIMAL UNIVERSAL
Número de la Clasificación Decimal Universal 21"19"
245 00 - MENCIÓN DEL TÍTULO
Título Dios en el pensamiento hispano del siglo XX /
Mención de responsabilidad, etc. José Luis Cabria, Juana Sánchez-Gey (eds.).
260 ## - PUBLICACIÓN, DISTRIBUCIÓN, ETC.
Lugar de publicación, distribución, etc. Salamanca :
Nombre del editor, distribuidor, etc. Sígueme,
Fecha de publicación, distribución, etc. 2002.
300 ## - DESCRIPCIÓN FÍSICA
Extensión 526 p ;
Dimensiones 21 cm.
490 1# - MENCIÓN DE SERIE
Mención de serie El peso de los días ;
Designación de volumen o secuencia 34
650 #4 - PUNTO DE ACCESO ADICIONAL DE MATERIA--TÉRMINO DE MATERIA
Término de materia o nombre geográfico como elemento de entrada Religión-
Subdivisión general Filosofía-
Subdivisión cronológica S.XX.
9 (RLIN) 16801
700 1# - ENTRADA AGREGADA--NOMBRE PERSONAL
Nombre de persona Cabria, José Luis.
9 (RLIN) 33328
700 1# - ENTRADA AGREGADA--NOMBRE PERSONAL
Nombre de persona Sánchez-Gey Venegas, Juana
9 (RLIN) 102669
830 1# - PUNTO DE ACCESO ADICIONAL DE SERIE-TÍTULO UNIFORME
Título uniforme El peso de los días ;
Designación de volumen o secuencia 34
9 (RLIN) 183009
852 ## - LOCALIZACIÓN
Ubicación ES-MaACL
Número de control de estantería L-26892
Nota libre - Dedicatoria autógrafa de Juana Sánchez-Gey
Holdings
Estatus retirado Estado de pérdida Estado de daño No para préstamo Biblioteca de origen Biblioteca actual Ubicación en estantería Fecha de adquisición Fuente de adquisición Total de préstamos Signatura topográfica completa Código de barras Visto por última vez Precio de reemplazo Tipo de ítem Koha
        Biblioteca del Ateneo de Madrid Biblioteca del Ateneo de Madrid Depósito 2 17/01/2008     L-26892 1069612 23/02/2023 23/02/2023 Libro impreso